Miasta w Chorwacji czy w Serbii? - klikanie - Statystyki

Ogólne statystyki
  • Ten quiz został rozwiązany 58 razy
  • Średni wynik to 14 z 16
Statystyki odpowiedzi
Hint Odpowiedź % Poprawnych
Rijeka Chorwacja
96%
Zagrzeb Chorwacja
96%
Zadar Chorwacja
94%
Split Chorwacja
94%
Dubrownik Chorwacja
92%
Nowy Sad Serbia
92%
Nisz Serbia
91%
Osijek Chorwacja
89%
Novi Pazar Serbia
89%
Subotica Serbia
87%
Pula Chorwacja
77%
Kragujevac Serbia
77%
Čačak Serbia
77%
Kraljevo Serbia
75%
Karlovac Chorwacja
74%
Leskovac Serbia
66%
Nie znaleziono quizów pasujących do podanych kryteriów
Rozkład punktacji
Procent ludzi z każdym wynikiem
Percentyl według liczby udzielonych odpowiedzi
Twoja historia wyników
Nie rozwiązałeś tego quizu